[Event "IRL-ch 100th"]
[Site "Dublin"]
[Date "2021.08.07"]
[Round "8"]
[White "Murphy, Sean"]
[Black "O'Gorman, Tom"]
[Result "1-0"]
[WhiteElo "1990"]
[BlackElo "2368"]
[PlyCount "111"]
[EventDate "2021.07.31"]
[EventType "swiss"]
[EventRounds "9"]
[EventCountry "IRL"]
[SourceTitle "CBM 203 Extra"]
[Source "ChessBase"]
[SourceDate "2021.09.30"]
[SourceVersion "1"]
[SourceVersionDate "2021.09.30"]
[SourceQuality "1"]

1. d4 Nf6 2. c4 g6 3. Nc3 Bg7 4. e4 d6 5. f3 0-0 6. Bg5 c5 7. d5 e6 8. Qd2 exd5 9. cxd5 Na6 10. Nge2 Bd7 11. Ng3 Qe8 12. Be2 b5 13. Qf4 Qe7 14. Nxb5 Bxb5 15. Bxb5 Nc7 16. Bc4 h6 17. Bxh6 Nfxd5 18. Qd2 Bxh6 19. Qxh6 Qe5 20. Rd1 Nf4 21. Ne2 Nfe6 22. h4 Qxb2 23. h5 g5 24. 0-0 Qe5 25. Bxe6 fxe6 26. Qg6+ Kh8 27. f4 Qg7 28. Qxg7+ Kxg7 29. Rxd6 gxf4 30. Nxf4 Rac8 31. Rxe6 Rfe8 32. Rg6+ Kh8 33. Rh6+ Kg7 34. Rg6+ Kh8 35. Rg4 Ne6 36. Nd5 c4 37. Rf6 Nf8 38. Rf3 Nd7 39. Rc3 Nb6 40. Nf6 Re6 41. Rg6 Rf8 42. e5 Rxe5 43. Rcg3 Rxf6 44. Rxf6 Kh7 45. Rf7+ Kh8 46. Rxa7 Nd5 47. Ra5 Re1+ 48. Kf2 Rd1 49. Rc5 Rd4 50. Ra3 Nf6 51. Ra4 Rd2+ 52. Kf3 Rd3+ 53. Kf4 Nd5+ 54. Kg5 Rg3+ 55. Kh4 Rxg2 56. Rxd5 1-0

[Event "IRL-ch 100th"]
[Site "Dublin"]
[Date "2021.08.02"]
[Round "3"]
[White "O'Gorman, Alice"]
[Black "Murphy, Sean"]
[Result "0-1"]
[WhiteElo "1907"]
[BlackElo "1990"]
[PlyCount "46"]
[EventDate "2021.07.31"]
[EventType "swiss"]
[EventRounds "9"]
[EventCountry "IRL"]
[SourceTitle "CBM 203 Extra"]
[Source "ChessBase"]
[SourceDate "2021.09.30"]
[SourceVersion "1"]
[SourceVersionDate "2021.09.30"]
[SourceQuality "1"]

1. e4 e5 2. Nf3 Nc6 3. Bc4 Bc5 4. 0-0 Nf6 5. d3 a6 6. c3 Ba7 7. Bb3 d6 8. Nbd2 h6 9. Re1 g5 10. d4 g4 11. dxe5 gxf3 12. exf6 fxg2 13. Bxf7+ Kxf7 14. Qh5+ Kxf6 15. e5+ Nxe5 16. Nc4 Bg4 17. Qh4+ Kg7 18. Qg3 Nf3+ 19. Kxg2 Nxe1+ 20. Kf1 Qd7 21. Bf4 Kh7 22. Rxe1 Bh3+ 23. Ke2 Qg4+ 0-1

[Event "EU-ch Online U18"]
[Site "Tornelo INT"]
[Date "2020.09.20"]
[Round "7"]
[White "Vogli, Erion"]
[Black "Murphy, Sean"]
[Result "0-1"]
[WhiteElo "1512"]
[BlackElo "1990"]
[PlyCount "42"]
[EventDate "2020.09.18"]
[EventType "swiss (rapid)"]
[EventRounds "9"]
[EventCountry "ENG"]
[SourceTitle "CBM 198 Extra"]
[Source "ChessBase"]
[SourceDate "2020.11.30"]
[SourceVersion "1"]
[SourceVersionDate "2020.11.30"]
[SourceQuality "1"]

1. Nf3 d5 2. c4 d4 3. d3 Nc6 4. g3 e5 5. Bg2 Bd6 6. 0-0 Nf6 7. e3 0-0 8. exd4 exd4 9. Re1 h6 10. a3 a5 11. b3 Bf5 12. Bb2 Ng4 13. h3 Nge5 14. Nxd4 Nxd4 15. Bxd4 Nxd3 16. Re3 Bxg3 17. Rxg3 Qxd4 18. Ra2 Rad8 19. Qf3 Bg6 20. Nd2 Nc1 21. Rg4 Qe5 0-1

[Event "EU-ch Online U18"]
[Site "Tornelo INT"]
[Date "2020.09.18"]
[Round "1"]
[White "Murphy, Sean"]
[Black "Petriashvili, Nikoloz"]
[Result "0-1"]
[WhiteElo "1990"]
[BlackElo "2425"]
[PlyCount "107"]
[EventDate "2020.09.18"]
[EventType "swiss (rapid)"]
[EventRounds "9"]
[EventCountry "ENG"]
[SourceTitle "CBM 198 Extra"]
[Source "ChessBase"]
[SourceDate "2020.11.30"]
[SourceVersion "1"]
[SourceVersionDate "2020.11.30"]
[SourceQuality "1"]

1. d4 Nf6 2. c4 g6 3. Nc3 d5 4. cxd5 Nxd5 5. e4 Nxc3 6. bxc3 Bg7 7. Qa4+ Qd7 8. Bb5 c6 9. Be2 0-0 10. Be3 c5 11. Qb3 cxd4 12. cxd4 Nc6 13. Nf3 Qg4 14. Ng5 Qxg2 15. 0-0-0 Nxd4 16. Bxd4 Qxg5+ 17. Be3 Qe5 18. Bd4 Qxe4 19. Bxg7 Be6 20. Qb2 Rac8+ 21. Bc3 Rxc3+ 22. Qxc3 Qxe2 23. Rd2 Qb5 24. Rhd1 Qb6 25. Rb2 Qa6 26. Rbd2 Qc6 27. Qxc6 bxc6 28. Rd8 Bxa2 29. Rxf8+ Kxf8 30. Rd8+ Kg7 31. Ra8 Bd5 32. Rxa7 Kf6 33. Kd2 e5 34. Ke3 Kg5 35. Re7 Kf5 36. Ra7 h6 37. Ra8 f6 38. Rh8 Kg5 39. Rf8 f5 40. Re8 f4+ 41. Ke2 e4 42. Rh8 h5 43. Rf8 h4 44. Rh8 Kg4 45. Rf8 g5 46. Kf1 Kf3 47. Rf6 g4 48. Rh6 g3 49. hxg3 hxg3 50. Rh3 Be6 51. Rh6 Bc4+ 52. Kg1 gxf2+ 53. Kh2 f1Q 54. Rh3+ 0-1

[Event "Bunratty Masters 27th"]
[Site "Bunratty"]
[Date "2020.02.23"]
[Round "5"]
[White "Murphy, Sean"]
[Black "Fehr, Jukka"]
[Result "1-0"]
[WhiteElo "1976"]
[BlackElo "1976"]
[PlyCount "53"]
[EventDate "2020.02.21"]
[EventType "swiss"]
[EventRounds "6"]
[EventCountry "IRL"]
[SourceTitle "EXT 2023"]
[Source "ChessBase"]
[SourceDate "2022.10.05"]
[SourceVersion "1"]
[SourceVersionDate "2022.10.05"]
[SourceQuality "1"]

1. d4 f5 2. Nc3 Nf6 3. Bg5 Ne4 4. Nxe4 fxe4 5. e3 c5 6. d5 Qb6 7. Rb1 Qa5+ 8. c3 Qxa2 9. Ne2 b6 10. Bh4 g6 11. Ng3 Bb7 12. c4 Bg7 13. Qc2 Na6 14. Be2 Qa5+ 15. Kf1 0-0 16. Nxe4 Rae8 17. Bg3 Nb4 18. Qd2 Qa2 19. Qc1 Qb3 20. Nc3 Ba6 21. Kg1 Rf7 22. Ra1 Nc2 23. Rxa6 Bxc3 24. bxc3 Ref8 25. Rxa7 d6 26. Bd1 Qxc3 27. Bxc2 1-0

[Event "Bunratty Masters 27th"]
[Site "Bunratty"]
[Date "2020.02.23"]
[Round "6"]
[White "Venkatesan, Kavin"]
[Black "Murphy, Sean"]
[Result "0-1"]
[WhiteElo "2027"]
[BlackElo "1976"]
[PlyCount "76"]
[EventDate "2020.02.21"]
[EventType "swiss"]
[EventRounds "6"]
[EventCountry "IRL"]
[SourceTitle "EXT 2023"]
[Source "ChessBase"]
[SourceDate "2022.10.05"]
[SourceVersion "1"]
[SourceVersionDate "2022.10.05"]
[SourceQuality "1"]

1. d4 d5 2. c4 c6 3. g3 Nf6 4. Nf3 dxc4 5. Bg2 g6 6. 0-0 Bg7 7. e3 b5 8. a4 Bb7 9. Ne5 Qc7 10. Bd2 Nfd7 11. Nxd7 Nxd7 12. Nc3 b4 13. Ne4 a5 14. Bh3 e6 15. Bg2 0-0 16. Rc1 c5 17. dxc5 Bxb2 18. Rxc4 Ba6 19. Rc2 Bxf1 20. Qxf1 Bg7 21. Qb1 Rab8 22. Qb3 Rfd8 23. c6 Ne5 24. Nc5 Rb6 25. Be1 Rd1 26. Kf1 Rxc6 27. Bxc6 Qxc6 28. e4 Bf8 29. Re2 Rxe1+ 30. Kxe1 Qxc5 31. f4 Qc1+ 32. Kf2 Bc5+ 33. Kg2 Qg1+ 34. Kh3 Qf1+ 35. Rg2 Nc4 36. Kh4 Qxg2 37. Qxc4 Be7+ 38. Kg4 h5# 0-1

[Event "IRL-ch"]
[Site "Dublin"]
[Date "2019.08.10"]
[Round "8"]
[White "Flynn, Jacob"]
[Black "Murphy, Sean"]
[Result "1-0"]
[WhiteElo "1973"]
[BlackElo "1875"]
[PlyCount "139"]
[EventDate "2019.08.03"]
[EventType "swiss"]
[EventRounds "9"]
[EventCountry "IRL"]
[SourceTitle "CBM 191 Extra"]
[Source "ChessBase"]
[SourceDate "2019.09.30"]
[SourceVersion "1"]
[SourceVersionDate "2019.09.30"]
[SourceQuality "1"]

1. c4 e5 2. Nc3 Nf6 3. Nf3 Nc6 4. e3 Bb4 5. Qc2 Bxc3 6. Qxc3 Qe7 7. a3 d5 8. d4 exd4 9. Nxd4 Nxd4 10. Qxd4 c5 11. Qh4 dxc4 12. Bxc4 0-0 13. Bd2 Be6 14. Be2 Qc7 15. e4 Qc6 16. Bd3 Rad8 17. Bc2 Rfe8 18. 0-0-0 Rd4 19. f3 Rc4 20. Kb1 b5 21. b3 Rxc2 22. Kxc2 c4 23. Kb2 cxb3 24. Rc1 Qd7 25. Rhd1 Bc4 26. Bc3 Qe6 27. Qf4 Qb6 28. Qd6 Qe3 29. Qd2 Qb6 30. g4 Nd5 31. Bd4 Qa6 32. Re1 Nc7 33. Bc3 Ne6 34. Rcd1 Nc5 35. Qd8 Na4+ 36. Kc1 Rf8 37. Bb4 b2+ 38. Kc2 Qc8 39. Qxf8+ Qxf8 40. Bxf8 Kxf8 41. Rb1 a5 42. Rxb2 Nxb2 43. Kxb2 g5 44. Kc3 a4 45. Kd4 Ke7 46. Rc1 Be2 47. Ke3 Bc4 48. f4 h6 49. e5 Ke6 50. Rd1 Bd5 51. Rd4 Bc4 52. Rd6+ Ke7 53. Rxh6 b4 54. axb4 a3 55. Rd6 gxf4+ 56. Kxf4 a2 57. Rd1 Bd3 58. Ra1 Bb1 59. Ke3 Ke6 60. Kd4 Ke7 61. Kd5 Kd7 62. h4 Ke7 63. g5 Bf5 64. Kd4 Be6 65. Kc3 Bd5 66. Kb2 Ke6 67. Rxa2 Kxe5 68. Ra5 f5 69. gxf6 Kxf6 70. Rxd5 1-0

[Event "IRL-ch"]
[Site "Dublin"]
[Date "2019.08.09"]
[Round "7"]
[White "Murphy, Sean"]
[Black "Mirza, Diana"]
[Result "1/2-1/2"]
[WhiteElo "1875"]
[BlackElo "1973"]
[PlyCount "72"]
[EventDate "2019.08.03"]
[EventType "swiss"]
[EventRounds "9"]
[EventCountry "IRL"]
[SourceTitle "CBM 191 Extra"]
[Source "ChessBase"]
[SourceDate "2019.09.30"]
[SourceVersion "1"]
[SourceVersionDate "2019.09.30"]
[SourceQuality "1"]

1. d4 Nf6 2. Nc3 d5 3. Bf4 c5 4. e3 a6 5. Nf3 Nc6 6. Ne5 e6 7. Be2 Be7 8. 0-0 0-0 9. Bf3 Nd7 10. Nxd7 Bxd7 11. Ne2 g5 12. Bg3 f5 13. h3 Be8 14. c4 cxd4 15. cxd5 exd5 16. Nxd4 Rf6 17. Rc1 Rc8 18. Qb3 Nxd4 19. Qxd5+ Ne6 20. Qxb7 Nc5 21. Qd5+ Bf7 22. Qe5 Bd6 23. Qc3 Bxg3 24. fxg3 Be6 25. Rfd1 Qf8 26. Bd5 Bxd5 27. Rxd5 Rfc6 28. Qc4 Ne6 29. Qxc6 Rxc6 30. Rxc6 Qf7 31. Rxa6 f4 32. gxf4 gxf4 33. exf4 Nxf4 34. Rg5+ Ng6 35. Rga5 Qf4 36. Ra4 Qc1+ 1/2-1/2

[Event "IRL-ch"]
[Site "Dublin"]
[Date "2019.08.05"]
[Round "3"]
[White "Murphy, Sean"]
[Black "O'Gorman, Tom"]
[Result "1/2-1/2"]
[WhiteElo "1875"]
[BlackElo "2229"]
[PlyCount "95"]
[EventDate "2019.08.03"]
[EventType "swiss"]
[EventRounds "9"]
[EventCountry "IRL"]
[SourceTitle "CBM 191 Extra"]
[Source "ChessBase"]
[SourceDate "2019.09.30"]
[SourceVersion "1"]
[SourceVersionDate "2019.09.30"]
[SourceQuality "1"]

1. Nf3 Nf6 2. g3 g6 3. Bg2 Bg7 4. 0-0 0-0 5. d4 d6 6. c4 Nc6 7. Nc3 a6 8. h3 Bd7 9. e4 e5 10. dxe5 Nxe5 11. Nxe5 dxe5 12. c5 Be6 13. Qe2 c6 14. Be3 Qa5 15. Rac1 Nd7 16. g4 Nxc5 17. b4 Qxb4 18. Nd5 cxd5 19. Bxc5 Qa5 20. exd5 Rfc8 21. dxe6 Rxc5 22. exf7+ Kxf7 23. Qf3+ Kg8 24. Qxb7 Rf8 25. Rxc5 Qxc5 26. Qxa6 Bf6 27. Qe6+ Kh8 28. Qd5 Qxd5 29. Bxd5 Rd8 30. Be4 Rd2 31. Ra1 Bh4 32. f3 Bf2+ 33. Kf1 Bd4 34. Rb1 Rf2+ 35. Ke1 Rxa2 36. Rb8+ Kg7 37. Rb7+ Kh6 38. Bd5 Rh2 39. Bg8 Kg5 40. Bxh7 Rxh3 41. Ke2 e4 42. fxe4 Re3+ 43. Kd2 Rxe4 44. Kd3 Rxg4 45. Rb4 Kh6 46. Bxg6 Kxg6 47. Rxd4 Rxd4+ 48. Kxd4 1/2-1/2

[Event "IRL-ch"]
[Site "Dublin"]
[Date "2019.08.03"]
[Round "1"]
[White "Murphy, Sean"]
[Black "Murray, David"]
[Result "0-1"]
[WhiteElo "1875"]
[BlackElo "2126"]
[PlyCount "114"]
[EventDate "2019.08.03"]
[EventType "swiss"]
[EventRounds "9"]
[EventCountry "IRL"]
[SourceTitle "CBM 191 Extra"]
[Source "ChessBase"]
[SourceDate "2019.09.30"]
[SourceVersion "1"]
[SourceVersionDate "2019.09.30"]
[SourceQuality "1"]

1. d4 Nf6 2. Nc3 d5 3. Bf4 c5 4. e3 cxd4 5. exd4 a6 6. Nf3 Nc6 7. Ne5 Bf5 8. Be2 Qb6 9. Nxc6 bxc6 10. Na4 Qa5+ 11. c3 e6 12. 0-0 Be7 13. b4 Qd8 14. Bd3 Bxd3 15. Qxd3 0-0 16. Nc5 Qb6 17. Nb3 Qb5 18. Qe3 Qa4 19. Bg5 Ra7 20. Bxf6 Bxf6 21. Nc5 Qb5 22. a4 Qb8 23. f4 Be7 24. Rab1 Qc7 25. f5 exf5 26. Qd3 Bd6 27. Nxa6 Bxh2+ 28. Kh1 Qd6 29. Rxf5 Bg3 30. Rh5 Qg6 31. Qxg6 hxg6 32. Rh3 Rxa6 33. Rxg3 Rxa4 34. b5 Rb8 35. Re1 cxb5 36. Re5 Rd8 37. Rgg5 b4 38. cxb4 Rxb4 39. Rxd5 Rxd4 40. Ra5 Kh7 41. Ra3 Kh6 42. Rb5 g5 43. Rb7 R8d7 44. Rb8 g4 45. Kh2 Kg5 46. Rb5+ f5 47. Rb6 R7d6 48. Rb5 Rd3 49. Rxd3 Rxd3 50. g3 Rd2+ 51. Kg1 Kf6 52. Ra5 Ke6 53. Ra7 Rd7 54. Ra5 g5 55. Kf2 Rd2+ 56. Kg1 Rd5 57. Ra6+ Ke5 0-1

[Event "IECC CL6-2009.22 email"]
[Site "IECC email"]
[Date "2009.09.20"]
[Round "?"]
[White "Richard, Andy"]
[Black "Murphy, Sean"]
[Result "1-0"]
[WhiteElo "1256"]
[BlackElo "1345"]
[PlyCount "29"]
[EventDate "2009.??.??"]
[EventType "tourn (corr)"]
[EventRounds "4"]
[SourceTitle "Corr 2013"]
[Source "ChessBase"]
[SourceDate "2012.11.12"]
[SourceVersion "1"]
[SourceVersionDate "2012.11.12"]
[SourceQuality "1"]
[WhiteTeam "Italy"]
[BlackTeam "Germany"]
[WhiteTeamCountry "ITA"]
[BlackTeamCountry "GER"]

1. d4 d5 2. c4 e6 3. Nc3 dxc4 4. e4 g6 5. Bxc4 Bg7 6. Nf3 Nf6 7. Bg5 h6 8. Bf4 0-0 9. 0-0 Bd7 10. e5 Ng4 11. h3 g5 12. Bg3 f5 13. hxg4 fxg4 14. Nd2 h5 15. Nde4 1-0

[Event "IECC O-2848"]
[Site "IECC email"]
[Date "2008.11.01"]
[Round "?"]
[White "Murphy, Sean"]
[Black "Acevedo, David"]
[Result "0-1"]
[WhiteElo "1389"]
[BlackElo "1430"]
[PlyCount "98"]
[EventDate "2008.??.??"]
[EventType "swiss (corr)"]
[EventRounds "2"]
[SourceTitle "Corr 2013"]
[Source "ChessBase"]
[SourceDate "2012.11.12"]
[SourceVersion "1"]
[SourceVersionDate "2012.11.12"]
[SourceQuality "1"]
[WhiteTeam "Australia"]
[BlackTeam "Canada"]
[WhiteTeamCountry "AUS"]
[BlackTeamCountry "CAN"]

1. e4 e5 2. Nf3 Nc6 3. Bc4 Nf6 4. Ng5 d5 5. exd5 Nxd5 6. Nxf7 Kxf7 7. Qf3+ Ke6 8. Nc3 Nce7 9. 0-0 c6 10. Re1 Ng6 11. d4 Bb4 12. a3 Bxc3 13. bxc3 Rf8 14. Qh5 Qh4 15. Bxd5+ cxd5 16. Rxe5+ Kf7 17. Qf3+ Kg8 18. Qxd5+ Kh8 19. g3 Qf6 20. Re2 Bg4 21. Bg5 Qf5 22. Qe4 Bxe2 23. Qxe2 Qxg5 24. Rb1 b6 25. Qa6 Qd2 26. Rf1 Qxc3 27. Qd3 Rac8 28. Qa6 Rc7 29. Qb5 Qxd4 30. Qd3 Qxd3 31. cxd3 Rc3 32. f4 Rxd3 33. a4 Ra3 34. f5 Ne7 35. g4 Rxa4 36. h3 h5 37. f6 Rxf6 38. Re1 Ng6 39. gxh5 Nh4 40. Re8+ Kh7 41. h6 Ra2 42. hxg7 Kxg7 43. Re7+ Rf7 44. Re4 Rc7 45. Rg4+ Kf6 46. Rf4+ Ke5 47. Rf2 Rc1+ 48. Rf1 Nf3+ 49. Kh1 Rh2# 0-1

[Event "IECC O-2740"]
[Site "IECC email"]
[Date "2008.01.27"]
[Round "?"]
[White "Murphy, Sean"]
[Black "Vertenten, Leo"]
[Result "1-0"]
[WhiteElo "1390"]
[BlackElo "1404"]
[PlyCount "53"]
[EventDate "2008.??.??"]
[EventType "swiss (corr)"]
[EventRounds "2"]
[SourceTitle "Corr 2013"]
[Source "ChessBase"]
[SourceDate "2012.11.12"]
[SourceVersion "1"]
[SourceVersionDate "2012.11.12"]
[SourceQuality "1"]
[WhiteTeam "Australia"]
[BlackTeam "Canada"]
[WhiteTeamCountry "AUS"]
[BlackTeamCountry "CAN"]

1. e4 c5 2. Nf3 d6 3. Nc3 Nc6 4. Bb5 Bd7 5. 0-0 e6 6. d3 h6 7. Bf4 e5 8. Be3 Nf6 9. Qd2 Nd4 10. Bxd4 cxd4 11. Bxd7+ Qxd7 12. Ne2 Be7 13. c3 dxc3 14. Nxc3 a6 15. d4 exd4 16. Nxd4 0-0 17. Rac1 Rac8 18. h3 Bd8 19. Nf5 d5 20. Nxd5 Nxd5 21. Qxd5 Qxd5 22. exd5 Rxc1 23. Rxc1 Re8 24. Rc8 Kf8 25. Nd6 Re7 26. Rxd8+ Re8 27. Rxe8# 1-0